UEFA Nations League Liga D 2022/2023 - Statistiken

Allgemein
  • Dieses Quiz wurde 162 mal gespielt
  • Das Durchschnittsergebnis liegt bei 5 aus 7
Antwortstatistiken
Group Land % Korrekt
Gruppe 2 San Marino
93%
Gruppe 1 Liechtenstein
89%
Gruppe 1 Andorra
88%
Gruppe 2 Estland
74%
Gruppe 1 Lettland
71%
Gruppe 2 Malta
69%
Gruppe 1 Moldau
64%
Keine übereinstimmenden Quizze gefunden
Verteilung der Resultate
Anzahl Personen mit jedem Resultat
Perzentil nach korrekt beantworteten Fragen
Ihre Resultats-Entwicklung
Sie haben dieses Quiz noch nicht gespielt